[Event "Autonomico-chT"]
[Site "Aragon"]
[Date "2005.03.12"]
[Round "7.30"]
[White "Querol Soro, Sergio"]
[Black "Hernando Wilson, Antonio"]
[Result "1/2-1/2"]
[WhiteElo "2000"]
[BlackElo "2169"]
[PlyCount "53"]
[EventDate "2005.01.22"]
[EventType "team"]
[EventRounds "12"]
[EventCountry "ESP"]
[SourceTitle "EXT 2006"]
[Source "ChessBase"]
[SourceDate "2005.11.24"]
[SourceVersion "1"]
[SourceVersionDate "2005.11.24"]
[SourceQuality "1"]

1. b4 c6 2. Bb2 Qb6 3. a3 a5 4. c4 axb4 5. c5 Qd8 6. axb4 Rxa1 7. Bxa1 b6 8. e3 d6 9. Qc2 bxc5 10. bxc5 d5 11. Nf3 Nd7 12. Ne5 Nxe5 13. Bxe5 Nf6 14. Qa4 Bb7 15. Be2 e6 16. d4 Be7 17. Nc3 Qa8 18. 0-0 0-0 19. Rb1 Nd7 20. Bg3 e5 21. Qxa8 Bxa8 22. Ba6 exd4 23. exd4 Bf6 24. Ne2 Re8 25. Kf1 Nf8 26. f3 Ne6 27. Rb4 1/2-1/2

[Event "Autonomico-chT"]
[Site "Aragon"]
[Date "2005.03.05"]
[Round "6.18"]
[White "Hernando Wilson, Antonio"]
[Black "Martinez Asensio, Juan Miguel"]
[Result "1/2-1/2"]
[WhiteElo "2169"]
[BlackElo "2168"]
[PlyCount "39"]
[EventDate "2005.01.22"]
[EventType "team"]
[EventRounds "12"]
[EventCountry "ESP"]
[SourceTitle "EXT 2006"]
[Source "ChessBase"]
[SourceDate "2005.11.24"]
[SourceVersion "1"]
[SourceVersionDate "2005.11.24"]
[SourceQuality "1"]

1. c4 Nf6 2. Nf3 g6 3. Nc3 Bg7 4. g3 0-0 5. Bg2 Re8 6. d3 e5 7. 0-0 c6 8. Rb1 a5 9. a3 d5 10. cxd5 cxd5 11. Nd2 Nc6 12. b4 axb4 13. axb4 Bf5 14. b5 Nd4 15. Nf3 h6 16. Bb2 Qd6 17. Re1 Be6 18. e3 Nxf3+ 19. Bxf3 Nd7 20. d4 1/2-1/2

[Event "Autonomico-chT"]
[Site "Aragon"]
[Date "2005.02.12"]
[Round "3.18"]
[White "Hernando Wilson, Antonio"]
[Black "Mimbela Lopez, Luis"]
[Result "1/2-1/2"]
[WhiteElo "2169"]
[BlackElo "2203"]
[PlyCount "57"]
[EventDate "2005.01.22"]
[EventType "team"]
[EventRounds "12"]
[EventCountry "ESP"]
[SourceTitle "EXT 2006"]
[Source "ChessBase"]
[SourceDate "2005.11.24"]
[SourceVersion "1"]
[SourceVersionDate "2005.11.24"]
[SourceQuality "1"]

1. c4 g6 2. g3 Bg7 3. Bg2 e5 4. Nc3 d6 5. Nf3 Nf6 6. 0-0 0-0 7. Rb1 a5 8. a3 Nc6 9. b4 axb4 10. axb4 Nh5 11. b5 Ne7 12. d3 h6 13. Qb3 Be6 14. Nd2 Rb8 15. Ba3 Qd7 16. Rfc1 f5 17. Nd5 b6 18. Nxe7+ Qxe7 19. Rc2 Rf7 20. Ra2 Rbf8 21. Bb2 g5 22. Rba1 g4 23. Ra8 Nf6 24. Rxf8+ Rxf8 25. Ra8 Rxa8 26. Bxa8 h5 27. Qa2 h4 28. Qa1 hxg3 29. hxg3 1/2-1/2